zpět

Detail výsledku týmu

U Buriana, Třinec

Datum a čas kvízu

19 Celkem bodů Celkový počet nahraných bodů na tomto kvízu bez doplňovacích otázek.
9. Pořadí na kvízu Konečné umístění týmu na tomto kvízu.

Zaznamenané odpovědi

# Otázka Odpověď Body Výsledky
1. V pondělí se konal ustavující... GEN 0
2. Oblíbená turistická atrakce, 6... v Krakově 1
3. Ministerstvo kultury učinilo d... C) česká pivní kultura 0
4. Jak se nazývá zvířecí znamení... had 0
5. O víkendu proběhly v Ostravě k... (Jižní) Korea, Tomáš Berdych 1
6. Začneme největšími společnými... (Vše)sokolský slet, Spartakiáda 1
7. Napište anglický dvouslovný ná... step aerobic 0
8. Cvičení na tomto „půlmíči“ je... BOSU 0
9. Jógu, přesněji řečeno hatha jó... ásany 0
10. Tato žena se narodila v roce 1... Jane Fonda 1